| 000 | 00715nam a22002177a 4500 | ||
|---|---|---|---|
| 003 | DO-SdBNP | ||
| 005 | 20240314073720.0 | ||
| 007 | ta | ||
| 008 | 221027b2002 dr a|||| |||| 00| 0 spa d | ||
| 040 |
_aDO-SdBNP _bspa _cBNPHU |
||
| 082 | 4 |
_222 _axxx _bD812i |
|
| 245 | 0 | 0 |
_aIdeario de Duarte / _ccompilador Vetilio Alfau Duran |
| 260 |
_aSanto Domingo : _bInstituto Duartiano, _c2002. |
||
| 300 |
_a30 p. : _bil. ; _c16 cm. |
||
| 500 | _aIncluye referencias bibliográficas y notas al pie de las páginas | ||
| 590 | _aInventariado, 2022/BT | ||
| 600 | 1 | 0 |
_aDuarte, Juan Pablo, _d1813-1876 _91494 |
| 651 |
_aRepública Dominicana _xPolítica y gobierno _y1844-1930. _96961 |
||
| 910 | _aBtavárez | ||
| 942 |
_2ddc _cLF2 |
||
| 999 |
_c52673 _d52673 |
||